<?xml version="1.0" encoding="UTF-8"?>
<record
    xmlns:xsi="http://www.w3.org/2001/XMLSchema-instance"
    xsi:schemaLocation="http://www.loc.gov/MARC21/slim http://www.loc.gov/standards/marcxml/schema/MARC21slim.xsd"
    xmlns="http://www.loc.gov/MARC21/slim">

  <leader>01036na  a2200301   4500</leader>
  <controlfield tag="001">21817</controlfield>
  <controlfield tag="003">MIRAKIL</controlfield>
  <controlfield tag="005">20190301101328.0</controlfield>
  <controlfield tag="008">170215b        tu  n0        0    0     </controlfield>
  <datafield tag="035" ind1=" " ind2=" ">
    <subfield code="a">20918</subfield>
  </datafield>
  <datafield tag="040" ind1=" " ind2=" ">
    <subfield code="a">Milas</subfield>
    <subfield code="b">tur</subfield>
    <subfield code="c">TR-AnCHP</subfield>
  </datafield>
  <datafield tag="041" ind1=" " ind2=" ">
    <subfield code="a">tur</subfield>
  </datafield>
  <datafield tag="082" ind1=" " ind2=" ">
    <subfield code="a">CHP 050</subfield>
    <subfield code="b">ALTIOK 1999-</subfield>
  </datafield>
  <datafield tag="090" ind1=" " ind2=" ">
    <subfield code="a">CHP 050 DER 22-25 ALTIOK</subfield>
  </datafield>
  <datafield tag="222" ind1=" " ind2=" ">
    <subfield code="a">Alt&#x131;ok</subfield>
  </datafield>
  <datafield tag="245" ind1=" " ind2=" ">
    <subfield code="a">Ba&#x11F;&#x131;ms&#x131;z demokratik T&#xFC;rkiye i&#xE7;in Alt&#x131;ok</subfield>
    <subfield code="b">CHP Kartal Gen&#xE7;lik Kollar&#x131; bas&#x131;n yay&#x131;n birimi yay&#x131;n organ&#x131;d&#x131;r</subfield>
    <subfield code="c">CHP Kartal Gen&#xE7;lik Kollar&#x131;</subfield>
  </datafield>
  <datafield tag="246" ind1=" " ind2=" ">
    <subfield code="a">Alt&#x131;ok</subfield>
  </datafield>
  <datafield tag="260" ind1=" " ind2=" ">
    <subfield code="a">&#x130;stanbul</subfield>
    <subfield code="b">CHP Kartal Gen&#xE7;lik Kollar&#x131;</subfield>
    <subfield code="c">1999-</subfield>
  </datafield>
  <datafield tag="300" ind1=" " ind2=" ">
    <subfield code="a">c.</subfield>
    <subfield code="b">res.</subfield>
    <subfield code="c">27 sm.</subfield>
  </datafield>
  <datafield tag="500" ind1=" " ind2=" ">
    <subfield code="a">Mevcut say&#x131;lar: (1) 1999 </subfield>
  </datafield>
  <datafield tag="500" ind1=" " ind2=" ">
    <subfield code="a">CHP Kartal Gen&#xE7;lik Kollar&#x131; bas&#x131;n yay&#x131;n birimi yay&#x131;n organ&#x131;d&#x131;r</subfield>
  </datafield>
  <datafield tag="610" ind1=" " ind2=" ">
    <subfield code="a">CHP</subfield>
    <subfield code="b">Kartal  Gen&#xE7;lik Kollar&#x131;</subfield>
    <subfield code="v">S&#xFC;reli yay&#x131;nlar</subfield>
  </datafield>
  <datafield tag="650" ind1=" " ind2=" ">
    <subfield code="a">Siyasal partiler</subfield>
    <subfield code="v">S&#xFC;reli yay&#x131;nlar</subfield>
  </datafield>
  <datafield tag="651" ind1=" " ind2=" ">
    <subfield code="a">T&#xFC;rkiye</subfield>
    <subfield code="x">Siyaset ve y&#xF6;netim</subfield>
    <subfield code="y">S&#xFC;reli yay&#x131;nlar</subfield>
  </datafield>
  <datafield tag="655" ind1=" " ind2=" ">
    <subfield code="a">Dergi</subfield>
  </datafield>
  <datafield tag="910" ind1=" " ind2=" ">
    <subfield code="a">DERG&#x130; 22-25 ALTIOK</subfield>
  </datafield>
  <datafield tag="942" ind1=" " ind2=" ">
    <subfield code="2">ddc</subfield>
    <subfield code="c">SER</subfield>
    <subfield code="s">1</subfield>
  </datafield>
  <datafield tag="952" ind1=" " ind2=" ">
    <subfield code="5">1</subfield>
    <subfield code="a">0001</subfield>
    <subfield code="b">0001</subfield>
    <subfield code="d">2017-02-08</subfield>
    <subfield code="f"> S&#xDC;REL&#x130; YAYINLAR</subfield>
    <subfield code="l">0</subfield>
    <subfield code="o">079 KARAG&#xD6;Z</subfield>
    <subfield code="p">D025</subfield>
    <subfield code="r">2017-02-08 00:00:00</subfield>
    <subfield code="v">0.00</subfield>
    <subfield code="w">2017-02-08</subfield>
    <subfield code="x"> </subfield>
    <subfield code="y">SER</subfield>
  </datafield>
  <datafield tag="999" ind1=" " ind2=" ">
    <subfield code="c">11356</subfield>
    <subfield code="d">11356</subfield>
  </datafield>
</record>
